000 01900cam a2200445La 4500
005 20260322212028.0
008 data
019 _a228650685
020 _a9781401323257 (pbk.)
020 _a1401323251 (pbk.)
029 1 _aNZ1
_b12100231
040 _aBTCTA
_cBTCTA
_dOrLoB-B
_dLPU
_dDPL
_dNPUBL
_dYDXCP
_dVP@
_dUPZ
_dGK8
_dMEA
_dLMR
_dBWX
_dJED
_dTTU
_dOrLoB-B
043 _an-us---
049 _aJHEE
050 1 4 _aQA76.2.P38
_bA3 2008b
082 0 4 _aB
_aB
_222
082 1 4 _a921
_bPAUSCH
_214
099 _aPAUSC R
100 1 _aPausch, Randy.
245 1 4 _aThe last lecture /
_cRandy Pausch & Jeffrey Zaslow.
250 _a1st ed.
260 _aNew York :
_bHyperion,
_cc2008.
300 _ax, 206 p. :
_bill. ;
_c19 cm.
505 0 0 _gVI.
_tFinal Remarks.
_gII.
_tReally Achieving Your Childhood Dreams --
_gIII.
_tAdventures... and Lessons Learned --
_gIV.
_tEnabling the Dreams of Others --
_gV.
_tIt's About How to Live Your Life --
_gVI.
_tFinal Remarks.
520 _aThe author, a computer science professor diagnosed with terminal cancer, explores his life, the lessons that he has learned, how he has worked to achieve his childhood dreams, and the effect of his diagnosis on him and his family.
600 1 0 _aPausch, Randy
_xDeath and burial.
600 1 0 _aPausch, Randy
_xPhilosophy.
650 0 _aComputer scientists
_zUnited States
_vBiography.
650 0 _aCancer
_xPatients
_zUnited States
_vBiography.
650 0 _aDeath
_xPsychological aspects.
700 1 _aZaslow, Jeffrey.
910 _a2771781
_bHorizon bib#
938 _aBaker & Taylor
_bBKTY
_c16.00
_d12.00
_i1401309658
_n0007583816
_sactive
938 _aYBP Library Services
_bYANK
_n2801225
938 _aBaker and Taylor
_bBTCP
_nBK0007583816
938 _aBlackwell Book Service
_bBBUS
_nR5708820
_c{dollar}21.95
938 _aBaker & Taylor
_bBKTY
_c21.95
_d16.46
_i1401323251
_n0007551917
_sactive
994 _aC0
_bJHE
001 data
999 _c630
_d630